000 00496nam a2200145Ia 4500
008 100122s9999 xx 000 0 und d
082 _b49314
_a294.5
100 _aबेलसरे केशव वि
245 _aभगवंताचे अनुसंधान
260 _bत्रिदल प्रकाशन
_c1993
300 _a125
630 _aभगवंताचे अनुसंधान
730 _aभगवंताचे अनुसंधान
942 _cBOOK
999 _c427377
_d427374